[Event "Asker CC-ch"]
[Site "Asker"]
[Date "2018.01.22"]
[Round "2"]
[White "Pettersen, Kjell F"]
[Black "Mikelsen, Mattis"]
[Result "0-1"]
[WhiteElo "1860"]
[BlackElo "1886"]
[PlyCount "100"]
[EventDate "2018.01.15"]
[EventType "tourn"]
[EventRounds "9"]
[EventCountry "NOR"]
[SourceTitle "EXT 2019"]
[Source "ChessBase"]
[SourceDate "2018.10.10"]
[SourceVersion "1"]
[SourceVersionDate "2018.10.10"]
[SourceQuality "1"]

1. d4 Nf6 2. c4 e6 3. Nc3 Bb4 4. Qc2 d5 5. cxd5 exd5 6. Bg5 0-0 7. e3 Re8 8. Bd3 h6 9. Bh4 c6 10. Nge2 Nbd7 11. 0-0 Nb6 12. Rac1 Bd6 13. Bg3 Bxg3 14. Nxg3 Qc7 15. h3 Bd7 16. Rfe1 Rad8 17. a4 a5 18. b3 Qd6 19. Nf5 Qb8 20. Nh4 Nc8 21. Nf3 Nd6 22. Ne5 Bc8 23. Rb1 Nde4 24. f3 Ng5 25. h4 Ne6 26. Ne2 c5 27. Nxf7 Kxf7 28. Bg6+ Kg8 29. Bxe8 Rxe8 30. dxc5 Qa7 31. Rbc1 Bd7 32. Nd4 Rc8 33. Nxe6 Bxe6 34. Qc3 Nd7 35. b4 axb4 36. Qxb4 Rxc5 37. Ra1 Ne5 38. Qd4 Nc6 39. Qf4 Rc4 40. Qd6 Bf7 41. a5 Rc3 42. Kf2 d4 43. exd4 Nxd4 44. Qd8+ Kh7 45. Kg3 Nf5+ 46. Kh2 Qf2 47. Rf1 Qg3+ 48. Kh1 Rc2 49. Rg1 Rd2 50. Qxd2 Qxh4# 0-1

[Event "Asker CC-ch Master"]
[Site "Asker"]
[Date "2017.04.03"]
[Round "8"]
[White "Pettersen, Kjell F"]
[Black "Lilleseth, Eivind"]
[Result "1-0"]
[WhiteElo "1850"]
[BlackElo "1655"]
[PlyCount "57"]
[EventDate "2017.01.09"]
[EventType "tourn"]
[EventRounds "9"]
[EventCountry "NOR"]
[SourceTitle "EXT 2024"]
[Source "ChessBase"]
[SourceDate "2023.10.10"]
[SourceVersion "1"]
[SourceVersionDate "2023.10.10"]
[SourceQuality "1"]

1. e4 c5 2. c3 Nc6 3. d4 cxd4 4. cxd4 d5 5. exd5 Qa5+ 6. Nc3 Nb4 7. Bb5+ Kd8 8. Nge2 Bf5 9. 0-0 Nc2 10. Rb1 Nb4 11. a3 Nxd5 12. b4 Nxc3 13. Nxc3 Qc7 14. Bd3 Bg6 15. Nb5 Qd7 16. Bf4 a6 17. Nc7 Rc8 18. Rc1 Nf6 19. b5 Nd5 20. Nxd5 Rxc1 21. Bxc1 Bxd3 22. Qxd3 Qxd5 23. bxa6 bxa6 24. Qxa6 e6 25. Qb6+ Kd7 26. Qa7+ Ke8 27. Bf4 Be7 28. Rc1 Qd7 29. Rc7 1-0

[Event "Asker CC-ch Master"]
[Site "Asker"]
[Date "2017.03.06"]
[Round "5"]
[White "Pettersen, Kjell F"]
[Black "Odegaard, Per"]
[Result "0-1"]
[WhiteElo "1850"]
[BlackElo "1935"]
[PlyCount "118"]
[EventDate "2017.01.09"]
[EventType "tourn"]
[EventRounds "9"]
[EventCountry "NOR"]
[SourceTitle "EXT 2024"]
[Source "ChessBase"]
[SourceDate "2023.10.10"]
[SourceVersion "1"]
[SourceVersionDate "2023.10.10"]
[SourceQuality "1"]

1. d4 g6 2. e4 Bg7 3. Nf3 d6 4. Nc3 Nf6 5. Be3 0-0 6. h3 c5 7. dxc5 Qa5 8. Qd2 dxc5 9. Nd5 Qxd2+ 10. Nxd2 Nxd5 11. exd5 Bxb2 12. Rb1 Bc3 13. Bxc5 b6 14. Bb4 Bg7 15. Be2 Bf5 16. Bxe7 Re8 17. d6 Nc6 18. Bb5 Nxe7 19. Bxe8 Rxe8 20. dxe7 Bxc2 21. Rc1 Rxe7+ 22. Kf1 Bd3+ 23. Kg1 Re2 24. Rc8+ Bf8 25. Nf3 Rxa2 26. Ne5 Bf5 27. Rd8 Kg7 28. f3 Re2 29. Nc6 a5 30. Nd4 Bc5 31. Kh2 Bxd4 32. Rxd4 b5 33. Ra1 a4 34. Rb4 Bd3 35. Rd4 Bc2 36. Ra2 Bd3 37. Ra3 Bf5 38. Rb4 Re5 39. g4 Be6 40. Kg3 Rc5 41. h4 Kf6 42. Kf2 Ke7 43. Ke3 Bc4 44. Kd4 Kd6 45. Re3 Rd5+ 46. Kc3 Kc5 47. Rb1 a3 48. Ra1 b4+ 49. Kc2 Kd4 50. Re4+ Kc5 51. Re3 Kb5 52. Rexa3 bxa3 53. Rxa3 Rd7 54. Re3 Kc5 55. Kc3 Be6 56. Re1 Ra7 57. Re5+ Kd6 58. Rb5 Ra3+ 59. Kd4 Rxf3 0-1

[Event "Asker Autumn Master"]
[Site "Asker"]
[Date "2016.08.29"]
[Round "1"]
[White "Lilleseth, Eivind"]
[Black "Pettersen, Kjell F"]
[Result "0-1"]
[WhiteElo "1740"]
[BlackElo "1870"]
[PlyCount "92"]
[EventDate "2016.08.29"]
[EventType "tourn"]
[EventRounds "9"]
[EventCountry "NOR"]
[SourceTitle "EXT 2024"]
[Source "ChessBase"]
[SourceDate "2023.10.10"]
[SourceVersion "1"]
[SourceVersionDate "2023.10.10"]
[SourceQuality "1"]

1. f4 d5 2. Nf3 Nf6 3. b3 Bg4 4. Ne5 Nbd7 5. Nxg4 Nxg4 6. e3 Ngf6 7. Bb2 c6 8. d3 Qc7 9. g4 e5 10. g5 Ng8 11. Qg4 Bd6 12. f5 0-0-0 13. Nd2 f6 14. h4 h5 15. Qh3 Ne7 16. e4 g6 17. 0-0-0 Rdf8 18. fxg6 Nxg6 19. Be2 Nf4 20. Qh2 Rfg8 21. Nf3 Qb6 22. Rd2 Bc5 23. d4 Nxe2+ 24. Qxe2 exd4 25. exd5 Re8 26. Qd3 Re3 27. Qf5 Bb4 28. Rxd4 Qa5 29. gxf6 Bc3 30. Rc4 Bxb2+ 31. Kxb2 Rf8 32. f7 Re7 33. Ng5 Re5 34. Qg6 Qxd5 35. Qxh5 Qxh1 36. Qh6 Rxg5 37. Qxg5 Rxf7 38. h5 Qf3 39. c3 Qf2+ 40. Ka3 Qf5 41. Qg8+ Rf8 42. Qg7 Qa5+ 43. Ra4 Qxh5 44. Rd4 Qc5+ 45. Kb2 Rf2+ 46. Kc1 Qxc3+ 0-1

[Event "Asker CC-ch Master"]
[Site "Asker"]
[Date "2016.04.25"]
[Round "8"]
[White "Pettersen, Kjell F"]
[Black "Odegaard, Per"]
[Result "1-0"]
[WhiteElo "1653"]
[BlackElo "1706"]
[PlyCount "81"]
[EventDate "2016.01.11"]
[EventType "swiss"]
[EventRounds "9"]
[EventCountry "NOR"]
[SourceTitle "EXT 2024"]
[Source "ChessBase"]
[SourceDate "2023.10.10"]
[SourceVersion "1"]
[SourceVersionDate "2023.10.10"]
[SourceQuality "1"]

1. e4 e5 2. Nf3 Nc6 3. Bb5 a6 4. Ba4 b5 5. Bb3 Nf6 6. 0-0 Be7 7. Re1 0-0 8. c3 d5 9. exd5 Nxd5 10. Nxe5 Nxe5 11. Rxe5 Nf6 12. d4 Bd6 13. Re1 Ng4 14. h3 Nxf2 15. Qf3 Qh4 16. Qxf2 Bh2+ 17. Kf1 Bg3 18. Qd2 Bxh3 19. gxh3 Qxh3+ 20. Qg2 Qf5+ 21. Kg1 Bxe1 22. Nd2 Rae8 23. Nf3 Qh5 24. Bc2 Re6 25. Bf4 Rf6 26. Be5 Bh4 27. Nxh4 Qxh4 28. Bxf6 Qxf6 29. Rf1 Qe6 30. Qe4 Qh3 31. Rf3 Qh5 32. Qf5 Qh4 33. Rh3 Qe1+ 34. Qf1 Qxf1+ 35. Kxf1 f5 36. Bb3+ Kh8 37. Re3 g5 38. Re7 h5 39. Rxc7 g4 40. Rf7 Rxf7 41. Bxf7 1-0

[Event "Asker CC-ch Master"]
[Site "Asker"]
[Date "2016.02.15"]
[Round "4"]
[White "Aulin Jansson, Joran"]
[Black "Pettersen, Kjell F"]
[Result "1/2-1/2"]
[WhiteElo "2177"]
[BlackElo "1653"]
[PlyCount "173"]
[EventDate "2016.01.11"]
[EventType "swiss"]
[EventRounds "9"]
[EventCountry "NOR"]
[SourceTitle "EXT 2024"]
[Source "ChessBase"]
[SourceDate "2023.10.10"]
[SourceVersion "1"]
[SourceVersionDate "2023.10.10"]
[SourceQuality "1"]

1. e4 e5 2. Nf3 Nc6 3. Bb5 Nf6 4. 0-0 Nxe4 5. d4 Nd6 6. Bxc6 dxc6 7. dxe5 Nf5 8. Qxd8+ Kxd8 9. h3 Ke8 10. Nc3 h5 11. b3 Be7 12. Bb2 Be6 13. Ne2 Rd8 14. Nf4 Bc8 15. Rfe1 Rh6 16. g4 hxg4 17. hxg4 Nh4 18. Nxh4 Rxh4 19. f3 Bxg4 20. Kg2 Bf5 21. Kg3 g5 22. Nd3 Bxd3 23. cxd3 Rxd3 24. Rad1 Rxd1 25. Rxd1 Rh6 26. Rd2 Re6 27. Kg4 Rh6 28. Bd4 Rh4+ 29. Kg3 Bb4 30. Rd1 a6 31. Be3 f6 32. f4 gxf4+ 33. Bxf4 fxe5 34. Kxh4 exf4 35. Kg4 Bd6 36. Rh1 c5 37. Rh7 Kd8 38. Kf5 Kc8 39. Ke6 b5 40. Kd5 Kb7 41. Rf7 Kb6 42. Rf5 a5 43. Rh5 a4 44. bxa4 Ka5 45. axb5 Kxb5 46. Rh2 Kb4 47. Rc2 Ka3 48. Kc4 Be7 49. Re2 Bd6 50. Rf2 Be7 51. Rxf4 Kxa2 52. Rf3 Kb2 53. Rb3+ Kc2 54. Re3 Bd6 55. Re2+ Kd1 56. Ra2 Ke1 57. Kd3 Kf1 58. Rd2 c4+ 59. Kxc4 Kg1 60. Rc2 c5 61. Kd3 Bb8 62. Ke3 c4 63. Kf3 c3 64. Rxc3 Ba7 65. Rc2 Bb6 66. Rg2+ Kh1 67. Kg3 Bc7+ 68. Kh3 Bb6 69. Rd2 Ba7 70. Kg3 Bb6 71. Rb2 Ba7 72. Rb5 Bd4 73. Rh5+ Kg1 74. Rd5 Bf2+ 75. Kf3 Ba7 76. Rg5+ Kh1 77. Rd5 Bb6 78. Rd6 Ba7 79. Rc6 Bb8 80. Rh6+ Kg1 81. Rg6+ Kh1 82. Rg7 Bd6 83. Rd7 Be5 84. Kf2 Bb8 85. Rd8 Bc7 86. Rh8+ Bh2 87. Kf1 1/2-1/2

[Event "Asker Host A"]
[Site "Asker"]
[Date "2015.11.09"]
[Round "7"]
[White "Pettersen, Kjell F"]
[Black "Odegaard, Per"]
[Result "0-1"]
[WhiteElo "1838"]
[BlackElo "1919"]
[PlyCount "46"]
[EventDate "2015.08.31"]
[EventType "tourn"]
[EventRounds "9"]
[EventCountry "NOR"]
[SourceTitle "EXT 2018"]
[Source "ChessBase"]
[SourceDate "2017.10.13"]
[SourceVersion "1"]
[SourceVersionDate "2017.10.13"]
[SourceQuality "1"]

1. d4 f5 2. c4 g6 3. Nf3 Bg7 4. g3 d6 5. Bg2 Nf6 6. b4 0-0 7. Bb2 Qe8 8. Qb3 c6 9. 0-0 h6 10. a4 Nbd7 11. c5+ d5 12. b5 Ne4 13. Nfd2 e5 14. Nxe4 fxe4 15. bxc6 bxc6 16. Bxe4 Rb8 17. Qa2 Rxb2 18. Bxd5+ cxd5 19. Qxb2 exd4 20. Qb5 Qe6 21. c6 Ne5 22. Na3 d3 23. Ra2 dxe2 0-1

[Event "Asker Host A"]
[Site "Asker"]
[Date "2015.10.19"]
[Round "5"]
[White "Pettersen, Kjell F"]
[Black "Lilleseth, Eivind"]
[Result "1/2-1/2"]
[WhiteElo "1838"]
[BlackElo "1754"]
[PlyCount "56"]
[EventDate "2015.08.31"]
[EventType "tourn"]
[EventRounds "9"]
[EventCountry "NOR"]
[SourceTitle "EXT 2018"]
[Source "ChessBase"]
[SourceDate "2017.10.13"]
[SourceVersion "1"]
[SourceVersionDate "2017.10.13"]
[SourceQuality "1"]

1. e4 e6 2. b3 c5 3. Bb2 Nc6 4. Nf3 Nf6 5. e5 Nd5 6. c4 Nde7 7. g3 d5 8. exd6 Qxd6 9. d4 Nf5 10. dxc5 Qxd1+ 11. Kxd1 Bxc5 12. Bd3 0-0 13. g4 Nfe7 14. Nbd2 Bxf2 15. Ne4 Be3 16. Ke2 Bf4 17. Neg5 h6 18. Nh3 Bc7 19. g5 hxg5 20. Nhxg5 f6 21. Nh7 Rd8 22. Rhg1 Kf7 23. Raf1 e5 24. Nfg5+ Ke8 25. Ne4 f5 26. Rxg7 fxe4 27. Nf6+ Kf8 28. Nh5+ Ke8 1/2-1/2

[Event "Asker Host A"]
[Site "Asker"]
[Date "2015.10.05"]
[Round "4"]
[White "Lindblom, Roar"]
[Black "Pettersen, Kjell F"]
[Result "0-1"]
[WhiteElo "1900"]
[BlackElo "1838"]
[PlyCount "46"]
[EventDate "2015.08.31"]
[EventType "tourn"]
[EventRounds "9"]
[EventCountry "NOR"]
[SourceTitle "EXT 2018"]
[Source "ChessBase"]
[SourceDate "2017.10.13"]
[SourceVersion "1"]
[SourceVersionDate "2017.10.13"]
[SourceQuality "1"]

1. d4 Nf6 2. c4 e6 3. Nc3 Bb4 4. Qc2 0-0 5. a3 Bxc3+ 6. Qxc3 d5 7. Bg5 c5 8. cxd5 cxd4 9. Qxd4 Nc6 10. Qh4 Qa5+ 11. b4 Qxd5 12. Bxf6 gxf6 13. Nf3 Rd8 14. e3 Ne5 15. Qg3+ Kf8 16. Nd4 Nc6 17. Qf3 Nxd4 18. Qxd5 Nc2+ 19. Kd2 Rxd5+ 20. Kxc2 Bd7 21. Bc4 Ba4+ 22. Kb2 Rd2+ 23. Kc3 Rc2+ 0-1

[Event "Asker CC-ch"]
[Site "Asker"]
[Date "2015.04.27"]
[Round "8"]
[White "Pettersen, Kjell F"]
[Black "Lilleseth, Eivind"]
[Result "1-0"]
[WhiteElo "1863"]
[BlackElo "1739"]
[PlyCount "81"]
[EventDate "2015.01.12"]
[EventType "tourn"]
[EventRounds "9"]
[EventCountry "NOR"]
[SourceTitle "EXT 2018"]
[Source "ChessBase"]
[SourceDate "2017.10.13"]
[SourceVersion "1"]
[SourceVersionDate "2017.10.13"]
[SourceQuality "1"]

1. e4 e6 2. d4 d5 3. Nd2 c5 4. Ngf3 Nc6 5. exd5 exd5 6. Bb5 Bd6 7. dxc5 Bxc5 8. 0-0 Nge7 9. Nb3 Bb6 10. Re1 0-0 11. Be3 Bg4 12. Bd3 Ng6 13. Bxb6 axb6 14. h3 Bxf3 15. Qxf3 Qd6 16. Qe3 Nb4 17. a3 Nxd3 18. Qxd3 Nf4 19. Qf3 Ne6 20. Rad1 Qc6 21. Rd2 Rad8 22. Re5 Nc7 23. Nd4 Qd6 24. Rde2 g6 25. Qg3 Qc5 26. Nf5 Ne6 27. Nh6+ Kg7 28. Qh4 Qd4 29. Ng4 Kh8 30. Qf6+ Ng7 31. Nh6 Ra8 32. c3 Qd1+ 33. Kh2 Qc1 34. f4 d4 35. Re7 dxc3 36. Nxf7+ Rxf7 37. Qxf7 Rg8 38. bxc3 Qxc3 39. Rxb7 Qxa3 40. Re8 Nxe8 41. Qxh7# 1-0

[Event "Asker CC-ch"]
[Site "Asker"]
[Date "2015.02.09"]
[Round "3"]
[White "Aulin Jansson, Joran"]
[Black "Pettersen, Kjell F"]
[Result "1-0"]
[WhiteElo "2181"]
[BlackElo "1863"]
[PlyCount "187"]
[EventDate "2015.01.12"]
[EventType "tourn"]
[EventRounds "9"]
[EventCountry "NOR"]
[SourceTitle "EXT 2018"]
[Source "ChessBase"]
[SourceDate "2017.10.13"]
[SourceVersion "1"]
[SourceVersionDate "2017.10.13"]
[SourceQuality "1"]

1. e4 e5 2. Nf3 Nc6 3. Bb5 Nf6 4. 0-0 Nxe4 5. d4 Nd6 6. Bxc6 dxc6 7. dxe5 Nf5 8. Qxd8+ Kxd8 9. h3 h6 10. Nc3 Bd7 11. b3 b6 12. Bb2 Kc8 13. Rfe1 Be7 14. Rad1 Rd8 15. Ne2 a5 16. a4 g5 17. g4 Ng7 18. Ng3 Kb7 19. Nd4 Bc5 20. Ndf5 Nxf5 21. gxf5 Be8 22. Nh5 Bf8 23. Nf6 Bg7 24. Nxe8 Rxd1 25. Rxd1 Rxe8 26. f6 Bf8 27. Rd7 Bc5 28. Rxf7 Rd8 29. e6 Rd1+ 30. Kg2 Rd2 31. e7 Rxf2+ 32. Kg3 Re2 33. Rf8 Bxe7 34. fxe7 Rxe7 35. Kf3 Rd7 36. Ke2 Re7+ 37. Kd2 Rd7+ 38. Kc1 Re7 39. Rh8 Re1+ 40. Kd2 Rh1 41. Be5 Rxh3 42. Rh7 b5 43. Bxc7 bxa4 44. bxa4 Ka6 45. c4 c5 46. Bd6 Kb6 47. Bf8 Rh2+ 48. Kd3 Rh3+ 49. Ke4 Rh4+ 50. Kd3 Rh3+ 51. Ke2 Rh2+ 52. Kf3 Rh3+ 53. Kf2 Rh2+ 54. Kg3 Rc2 55. Rxh6+ Kb7 56. Rh1 Rc3+ 57. Kf2 Rxc4 58. Ke3 Rxa4 59. Bxc5 Rc4 60. Bd4 a4 61. Rg1 a3 62. Rxg5 Ra4 63. Kd3 a2 64. Rg1 Kc6 65. Bb2 Kb5 66. Kc3 Rc4+ 67. Kb3 Rb4+ 68. Kxa2 Ka4 69. Rd1 Rg4 70. Bc3 Rg2+ 71. Bd2 Rf2 72. Kb2 Rh2 73. Kc3 Rh3+ 74. Kc4 Rh4+ 75. Kd3 Rh3+ 76. Be3 Kb5 77. Rc1 Rh5 78. Rb1+ Kc6 79. Rb6+ Kd7 80. Ke4 Kc7 81. Rf6 Kd7 82. Bf4 Rb5 83. Be5 Ra5 84. Rd6+ Ke7 85. Kf5 Ra2 86. Rd1 Rf2+ 87. Bf4 Rc2 88. Bg5+ Kf7 89. Rd7+ Ke8 90. Re7+ Kf8 91. Kg6 Rc6+ 92. Bf6 Rd6 93. Re4 Rd5 94. Bg7+ 1-0

[Event "Asker op"]
[Site "Asker"]
[Date "2014.11.10"]
[Round "7"]
[White "Pettersen, Kjell F"]
[Black "Rostad, Rolf"]
[Result "1/2-1/2"]
[WhiteElo "1695"]
[BlackElo "1660"]
[PlyCount "73"]
[EventDate "2014.09.01"]
[EventType "swiss"]
[EventRounds "9"]
[EventCountry "NOR"]
[SourceTitle "EXT 2017"]
[Source "ChessBase"]
[SourceDate "2016.10.25"]
[SourceVersion "1"]
[SourceVersionDate "2016.10.25"]
[SourceQuality "1"]

1. e4 d6 2. d4 Nf6 3. Nc3 g6 4. Bg5 Bg7 5. Qd2 c6 6. Bh6 0-0 7. Nf3 b5 8. Bxg7 Kxg7 9. a3 a5 10. h3 Na6 11. Bd3 Qb6 12. e5 Ne8 13. Ne2 c5 14. Nf4 dxe5 15. dxe5 f6 16. Be4 Ra7 17. Nd5 Qd8 18. Nc3 Qxd2+ 19. Nxd2 b4 20. Nb5 Rd7 21. Nc4 Nec7 22. Na7 Rd4 23. Bd3 Bd7 24. Nxa5 Ra8 25. N7c6 Rh4 26. 0-0 fxe5 27. Nxe5 Bb5 28. Bxb5 Nxb5 29. axb4 Nxb4 30. c4 Nd6 31. Nac6 Rxa1 32. Rxa1 Nxc6 33. Nxc6 Rxc4 34. Nxe7 Rc2 35. Ra5 Rxb2 36. Rxc5 Ne4 37. Rc7 1/2-1/2

[Event "Asker op"]
[Site "Asker"]
[Date "2014.10.27"]
[Round "6"]
[White "Erlendson, Audun"]
[Black "Pettersen, Kjell F"]
[Result "0-1"]
[WhiteElo "1346"]
[BlackElo "1695"]
[PlyCount "96"]
[EventDate "2014.09.01"]
[EventType "swiss"]
[EventRounds "9"]
[EventCountry "NOR"]
[SourceTitle "EXT 2017"]
[Source "ChessBase"]
[SourceDate "2016.10.25"]
[SourceVersion "1"]
[SourceVersionDate "2016.10.25"]
[SourceQuality "1"]

1. e4 e5 2. Nc3 Nf6 3. Bc4 Bc5 4. Nf3 d6 5. d4 exd4 6. Nxd4 0-0 7. Be3 c6 8. f3 Nbd7 9. Nce2 Re8 10. Qd2 Ne5 11. Bb3 b5 12. Ng3 Bxd4 13. Bxd4 c5 14. Bxe5 Rxe5 15. c3 Bb7 16. 0-0 Qb6 17. Kh1 d5 18. exd5 c4 19. Bc2 Rxd5 20. Qe1 Re8 21. Ne4 Nxe4 22. fxe4 Rde5 23. Qg3 Bxe4 24. Bxe4 Rxe4 25. Rad1 Qe3 26. Qxe3 Rxe3 27. Kg1 f6 28. Rd7 Rd3 29. Rxd3 cxd3 30. Rd1 Re3 31. g4 Kf7 32. Rd2 Re1+ 33. Kf2 Rh1 34. Kg2 Rb1 35. Kf3 Ke6 36. Ke4 Rg1 37. Kf3 Rb1 38. Ke4 Rg1 39. Kf3 h5 40. gxh5 Rg5 41. Rxd3 Rxh5 42. Rd2 f5 43. Rd8 Rxh2 44. Re8+ Kf6 45. Ra8 Rxb2 46. Rxa7 Rc2 47. Ra5 Rxc3+ 48. Kf4 g5# 0-1

[Event "Asker op"]
[Site "Asker"]
[Date "2014.10.20"]
[Round "5"]
[White "Pettersen, Kjell F"]
[Black "Rambo, Jan Bjarne"]
[Result "1-0"]
[WhiteElo "1695"]
[BlackElo "1660"]
[PlyCount "53"]
[EventDate "2014.09.01"]
[EventType "swiss"]
[EventRounds "9"]
[EventCountry "NOR"]
[SourceTitle "EXT 2017"]
[Source "ChessBase"]
[SourceDate "2016.10.25"]
[SourceVersion "1"]
[SourceVersionDate "2016.10.25"]
[SourceQuality "1"]

1. d4 Nf6 2. c4 e6 3. Nc3 Bb4 4. Qc2 0-0 5. a3 Bxc3+ 6. Qxc3 b6 7. Bg5 Bb7 8. f3 c5 9. e4 cxd4 10. Qxd4 Nc6 11. Qc3 d5 12. Bxf6 gxf6 13. cxd5 exd5 14. Rd1 d4 15. Qd2 Qe7 16. Ne2 Rad8 17. Ng3 Bc8 18. Qh6 f5 19. Qxc6 fxe4 20. Qxe4 Qc5 21. Be2 Rfe8 22. Qd3 Rxe2+ 23. Qxe2 Qa5+ 24. Qd2 Qb5 25. a4 Qe5+ 26. Kf2 d3 27. Rhe1 1-0

[Event "Asker op"]
[Site "Asker"]
[Date "2014.10.13"]
[Round "3"]
[White "Pettersen, Kjell F"]
[Black "Lindblom, Roar"]
[Result "0-1"]
[WhiteElo "1695"]
[BlackElo "1750"]
[PlyCount "60"]
[EventDate "2014.09.01"]
[EventType "swiss"]
[EventRounds "9"]
[EventCountry "NOR"]
[SourceTitle "EXT 2017"]
[Source "ChessBase"]
[SourceDate "2016.10.25"]
[SourceVersion "1"]
[SourceVersionDate "2016.10.25"]
[SourceQuality "1"]

1. d4 d5 2. c4 c6 3. Nf3 Nf6 4. Qc2 dxc4 5. Qxc4 Bf5 6. e3 e6 7. Bd3 Bxd3 8. Qxd3 Nbd7 9. 0-0 Be7 10. Nc3 Qa5 11. e4 Rd8 12. Qe2 0-0 13. Bf4 Nb6 14. Rfd1 Rfe8 15. Qc2 Qh5 16. Ne2 Ng4 17. Ng3 Qb5 18. h3 Nf6 19. e5 Nfd5 20. Bg5 Nb4 21. Qe4 Qd5 22. Qh4 Qd7 23. Ne4 N4d5 24. Rd3 h6 25. Nf6+ Nxf6 26. exf6 hxg5 27. Nxg5 Bxf6 28. Qh7+ Kf8 29. Ne4 Ke7 30. Nc5 Qd5 0-1

[Event "Asker op"]
[Site "Asker"]
[Date "2014.09.22"]
[Round "1"]
[White "Pettersen, Kjell F"]
[Black "Odegaard, Per Chr"]
[Result "1-0"]
[WhiteElo "1695"]
[BlackElo "1693"]
[PlyCount "83"]
[EventDate "2014.09.01"]
[EventType "swiss"]
[EventRounds "9"]
[EventCountry "NOR"]
[SourceTitle "EXT 2017"]
[Source "ChessBase"]
[SourceDate "2016.10.25"]
[SourceVersion "1"]
[SourceVersionDate "2016.10.25"]
[SourceQuality "1"]

1. d4 f5 2. Bg5 g6 3. Nc3 d5 4. e3 Bg7 5. h4 c6 6. Qf3 h6 7. Bf4 Nd7 8. Qg3 Kf7 9. Nf3 Ngf6 10. Be2 Nh5 11. Ne5+ Nxe5 12. Bxh5 Ng4 13. Bxg4 fxg4 14. h5 g5 15. Be5 Bf6 16. 0-0-0 Bf5 17. f4 Bxe5 18. dxe5 Qg8 19. Rhf1 e6 20. e4 dxe4 21. Qe3 Ke7 22. Qc5+ Ke8 23. Rd6 gxf4 24. Qd4 Qf7 25. Rd1 Qe7 26. Nxe4 c5 27. Qa4+ Kf8 28. Rd7 Qe8 29. Nf6 Qc8 30. Rd8+ Qxd8 31. Rxd8+ Rxd8 32. Qxa7 Rh7 33. Nxh7+ Bxh7 34. Qxc5+ Ke8 35. Qb5+ Rd7 36. Qa4 f3 37. gxf3 gxf3 38. Qa8+ Kf7 39. Qa3 Be4 40. Qe3 Kg7 41. Qxe4 f2 42. Qg2+ 1-0

[Event "Asker CC-ch"]
[Site "Asker"]
[Date "2014.02.24"]
[Round "4"]
[White "Pettersen, Kjell F"]
[Black "Lindblom, Roar"]
[Result "1-0"]
[WhiteElo "1675"]
[BlackElo "1779"]
[PlyCount "57"]
[EventDate "2014.01.13"]
[EventType "swiss"]
[EventRounds "9"]
[EventCountry "NOR"]
[SourceTitle "EXT 2017"]
[Source "ChessBase"]
[SourceDate "2016.10.25"]
[SourceVersion "1"]
[SourceVersionDate "2016.10.25"]
[SourceQuality "1"]

1. e4 e5 2. Nf3 Nc6 3. Bc4 Nf6 4. Ng5 d5 5. exd5 b5 6. Bf1 Nd4 7. c3 Nxd5 8. cxd4 Qxg5 9. Bxb5+ Ke7 10. Qf3 Bb7 11. 0-0 Rb8 12. Re1 Ne3 13. Bc6 Qf6 14. Qxe3 Qxc6 15. Qxe5+ Kd8 16. d5 Qd7 17. Nc3 f6 18. Qe4 c6 19. dxc6 Bxc6 20. Qe6 Qb7 21. d3 Bb4 22. Bf4 Rc8 23. a3 Re8 24. Qc4 Be7 25. Ne4 Bd5 26. Qa4 Qb6 27. Be3 Qb7 28. Qa5+ Rc7 29. Bf4 1-0

[Event "Asker CC-ch"]
[Site "Asker"]
[Date "2013.03.11"]
[Round "3"]
[White "Rostad, Rolf"]
[Black "Pettersen, Kjell F"]
[Result "0-1"]
[WhiteElo "1885"]
[BlackElo "1801"]
[PlyCount "60"]
[EventDate "2013.01.14"]
[EventType "swiss"]
[EventRounds "9"]
[EventCountry "NOR"]
[SourceTitle "EXT 2024"]
[Source "ChessBase"]
[SourceDate "2023.10.10"]
[SourceVersion "1"]
[SourceVersionDate "2023.10.10"]
[SourceQuality "1"]

1. e4 e5 2. Nf3 Nc6 3. Bb5 a6 4. Ba4 Nf6 5. 0-0 b5 6. Bb3 Be7 7. Re1 0-0 8. c3 d5 9. exd5 Nxd5 10. Nxe5 Nxe5 11. Rxe5 c6 12. d4 Bd6 13. Re1 Qh4 14. g3 Qh3 15. Qd3 Bg4 16. Qf1 Qh5 17. Bd1 Rae8 18. Bxg4 Qxg4 19. Nd2 Nf4 20. f3 Nh3+ 21. Kh1 Qh5 22. Ne4 f5 23. Nd2 Rxe1 24. Qxe1 Re8 25. Qf1 Bxg3 26. hxg3 Nf4+ 27. Kg1 Re2 28. Qxe2 Nxe2+ 29. Kg2 Qg5 30. Ne4 Qg6 0-1

[Event "Asker Autumn"]
[Site "Asker"]
[Date "2012.09.10"]
[Round "3"]
[White "Benn, Neil"]
[Black "Pettersen, Kjell F"]
[Result "1-0"]
[WhiteElo "1622"]
[BlackElo "1569"]
[PlyCount "143"]
[EventDate "2012.08.27"]
[EventType "tourn"]
[EventRounds "9"]
[EventCountry "NOR"]
[SourceTitle "EXT 2023"]
[Source "ChessBase"]
[SourceDate "2022.10.05"]
[SourceVersion "1"]
[SourceVersionDate "2022.10.05"]
[SourceQuality "1"]

1. d4 Nf6 2. Nf3 g6 3. c4 d5 4. cxd5 Nxd5 5. e4 Nf6 6. Nc3 Bg7 7. Be2 0-0 8. 0-0 e6 9. Bg5 h6 10. Bh4 g5 11. Bg3 Nh5 12. Be5 f6 13. Bg3 Nxg3 14. hxg3 Nc6 15. Rc1 Bd7 16. d5 Ne5 17. Qb3 Nxf3+ 18. gxf3 Qc8 19. Nb5 Bxb5 20. Bxb5 exd5 21. exd5 Kh8 22. d6 c6 23. Qd3 Qd7 24. Ba4 Rfd8 25. Rcd1 Bf8 26. Qg6 Qg7 27. Qxg7+ Kxg7 28. d7 b5 29. Bc2 Bb4 30. a3 Ba5 31. b4 Bb6 32. Be4 a6 33. Bxc6 Rab8 34. Rfe1 Rf8 35. Re6 h5 36. Kg2 h4 37. Be4 f5 38. Bc2 Rf6 39. Rxb6 Rfxb6 40. d8Q Rxd8 41. Rxd8 hxg3 42. fxg3 f4 43. Rd5 Re6 44. Rxg5+ Kh6 45. Rc5 Re2+ 46. Kf1 Re3 47. Kf2 Rxa3 48. gxf4 Kg7 49. Kg3 Ra2 50. Bd3 Rb2 51. Bxb5 axb5 52. Rxb5 Rb1 53. f5 Kf6 54. Kf4 Rb2 55. Rb6+ Kf7 56. b5 Rb3 57. Ke4 Rb1 58. f6 Rb3 59. f4 Rb1 60. Ke5 Rb2 61. Rb7+ Kf8 62. b6 Rb1 63. Ke4 Rb5 64. Rb8+ Kf7 65. b7 Rb1 66. Rh8 Rb4+ 67. Kf5 Rb1 68. Rh7+ Kf8 69. Ke6 Rb6+ 70. Kd5 Kg8 71. Rc7 Rb1 72. b8Q+ 1-0

[Event "Asker CC-ch"]
[Site "Asker"]
[Date "2012.02.06"]
[Round "3"]
[White "Pettersen, Kjell F"]
[Black "Wibe, Per H"]
[Result "1-0"]
[WhiteElo "1504"]
[BlackElo "1700"]
[PlyCount "78"]
[EventDate "2012.01.16"]
[EventType "tourn"]
[EventRounds "9"]
[EventCountry "NOR"]
[SourceTitle "EXT 2024"]
[Source "ChessBase"]
[SourceDate "2023.10.10"]
[SourceVersion "1"]
[SourceVersionDate "2023.10.10"]
[SourceQuality "1"]

1. e4 d5 2. exd5 Nf6 3. d4 Nxd5 4. Nf3 Bg4 5. Be2 e6 6. 0-0 Bd6 7. c4 Nf4 8. c5 Nxe2+ 9. Qxe2 Be7 10. Qb5+ Nd7 11. Qxb7 0-0 12. Bf4 Bxf3 13. Qxf3 e5 14. dxe5 Nxc5 15. Rd1 Qb8 16. Nc3 Ne6 17. Nd5 Re8 18. Nxe7+ Rxe7 19. Rd2 Qe8 20. Bg3 Ng5 21. Qg4 f6 22. h4 h5 23. Qc4+ Nf7 24. f4 f5 25. Rad1 Kf8 26. Bf2 Kg8 27. Bc5 Re6 28. Rd7 Nd6 29. R7xd6 cxd6 30. Rxd6 Kf7 31. Qd5 Rb8 32. b4 a5 33. a3 Rb5 34. a4 Rxb4 35. Bxb4 axb4 36. a5 Qc8 37. Rd7+ Kf8 38. Rd8+ Qxd8 39. Qxd8+ Kf7 1-0